Baking and pastry arts / (Record no. 2114)

MARC details
000 -LEADER
fixed length control field 00740nam a22002177a 4500
005 - DATE AND TIME OF LATEST TRANSACTION
control field 20230404064734.0
008 - FIXED-LENGTH DATA ELEMENTS--GENERAL INFORMATION
fixed length control field 230404b |||||||| |||| 00| 0 eng d
020 ## - INTERNATIONAL STANDARD BOOK NUMBER
International Standard Book Number 978-971-9905-81-3
082 ## - DEWEY DECIMAL CLASSIFICATION NUMBER
Classification number Fil. 641.71 R457 2014
100 ## - MAIN ENTRY--PERSONAL NAME
Personal name Reyes, Ruth Estrada J.
Relator term author
245 ## - TITLE STATEMENT
Title Baking and pastry arts /
Statement of responsibility, etc. Ruth Estrada Javier-Reyes; contributors Luzette T. Mijares, Juvelyn J. Magadia, Edward D. Mateo
260 ## - PUBLICATION, DISTRIBUTION, ETC.
Place of publication, distribution, etc. Manila:
Name of publisher, distributor, etc. Mindshapers,
Date of publication, distribution, etc. c2014.
300 ## - PHYSICAL DESCRIPTION
Extent xi, 231p.:
Other physical details ill.
504 ## - BIBLIOGRAPHY, ETC. NOTE
Bibliography, etc. note Includes bibliographical references
541 ## - IMMEDIATE SOURCE OF ACQUISITION NOTE
Accession number 4276
650 ## - SUBJECT ADDED ENTRY--TOPICAL TERM
Topical term or geographic name entry element Baking
650 ## - SUBJECT ADDED ENTRY--TOPICAL TERM
Topical term or geographic name entry element Pastry
700 ## - ADDED ENTRY--PERSONAL NAME
Personal name Mijares, Luzette T.
Relator term contributors
700 ## - ADDED ENTRY--PERSONAL NAME
Personal name Magadia, Juvelyn J.
Relator term contributors
700 ## - ADDED ENTRY--PERSONAL NAME
Personal name Mateo, Edward D.
Relator term contributors
Holdings
Withdrawn status Lost status Source of classification or shelving scheme Damaged status Not for loan Home library Current library Date acquired Total Checkouts Full call number Barcode Date last seen Copy number Price effective from Koha item type
    Dewey Decimal Classification     ctu-moalboal ctu-moalboal 11/01/2015   Fil. 641.71 R457 2014 4276 04/04/2023 1 04/04/2023 Books-Filipiniana